000 01489nam a22003857a 4500
003 CHAP
005 20220329143752.0
008 110802s2011 mx r 00010 spa d
010 _a101675
011 _a102647
035 _a113336
040 _cCHAP
090 _aTesis
100 1 _aMontero Hernández, Marcos.
_977815
245 1 3 _aLa bioseguridad en granjas porcinas
_h[En línea]
_c/por Marcos Montero Hernández
260 _aChapingo, Méx. :
_bEl autor,
_c2011
500 _aPara ver el contenido del material haga clic en la liga
502 _aTesis (Ing. Agr. Esp. en Zootecnia) -- UACH. Departamento deb Enseñanza, Investigación y Servicio en Zootecnia
590 _aALEPH
_b10
_c20130110
_lUCH01
_h1541
590 _aBATCH-UPD
_b10
_c20130110
_lUCH01
_h0938
590 _aBATCH-UPD
_b10
_c20130410
_lUCH01
_h0555
590 _aBATCH-UPD
_b10
_c20130914
_lUCH01
_h0639
590 _aBATCH-UPD
_b10
_c20140324
_lUCH01
_h1526
590 _aBATCH-UPD
_b10
_c20141002
_lUCH01
_h0850
590 _aCONVERSION
_b10
_c20130109
_lUCH01
_h1356
650 1 4 _aBioseguridad.
_912867
650 1 4 _aGanado porcino
_xProducción.
_945399
650 1 4 _aGranjas porcinas.
_950413
650 1 4 _aSanidad animal.
_9102221
856 _3Finding aid
_uhttp://10.13.5.2/tesis/113336.pdf
_zTeclea aqui
901 _aBK
942 _cFOLL
949 _aTesis
_bBC
_cTES
_d33724002249199
_eTS1
_gDonaciØn
_h52508
_i113336
_st
949 _aTesis
_bBC
_cTES
_d33724002249231
_eTS2
_fc.2
_gDonaciØn
_h52509
_i113336
_st
999 _c101675
_d101675